000 00360nam a2200145Ia 4500
008 191201s2009 xx 000 0 und d
082 _a004.65
_bRAN
100 _aRAJASEKARAN,S
245 0 _aNeural Networks Fuzzy Logic and Genetic Algorithms
250 _a12th
260 _aN. Delhi
_bPHI
_c2009
300 _a439
650 _aB.Tech(CSE)
942 _2ddc
_cBK
999 _c4409
_d4409